The dance of change : the challenges of sustaining momentum in learning organizations
Αποθηκεύτηκε σε:
| Άλλοι συγγραφείς: | |
|---|---|
| Μορφή: | Βιβλίο |
| Γλώσσα: | English |
| Δημοσίευση: |
New York :
Currency/Doubleday,
c1999.
|
| Θέματα: | |
| Ετικέτες: |
Προσθήκη ετικέτας
Δεν υπάρχουν, Καταχωρήστε ετικέτα πρώτοι!
|
MARC
| LEADER | 00000cam a2200000 i 4500 | ||
|---|---|---|---|
| 001 | 1/40341 | ||
| 008 | 140121s1999 nyu| ||| |||| ||eng|| | ||
| 020 | |a 0385493223 | ||
| 035 | |l 10116368 | ||
| 040 | |a GR-MyUa |b gre |e AACR2 | ||
| 041 | 0 | |a eng | |
| 082 | 7 | |a 658.406 |2 (22) | |
| 245 | 0 | 4 | |a The dance of change : |b the challenges of sustaining momentum in learning organizations / |c Peter Senge ... [κ. ά.]: |
| 260 | |a New York : |b Currency/Doubleday, |c c1999. | ||
| 300 | |a ix, 596 σ. ; |c 23 εκ. | ||
| 500 | |a Περιλαμβάνει ευρετήριο. | ||
| 650 | 0 | |a Organizational learning. | |
| 650 | 0 | |a Organizational change. | |
| 700 | 1 | |a Senge, Peter M. | |
| 852 | |a INST |b SYROS |e 20140121 |h 658.406 DAN |p 005500011257 |q 005500011257 |t BK |y 0 | ||
| 901 | |a BIBL5-2013-1 | ||
| 970 | |a Κοντού |b Παρασκευή |z 21/01/2014 | ||